000
00334 a2200109 4500
001
ART_31283
005
20260410161840.0
008
260409a
245
1
0
_a
El estado actual de la implementación de los seguros ambientales
100
1
_a
Cumini, Cecilia
773
0
_t
RAP
_g
- Año 36, Nº 423 (dic. 2013)
_w
REV5941
999
_c
24020
_d
24020